Statistiques concernant Frontières de l'Irak

Cliquez ici pour prendre le quiz!

Statistiques générales

  • Ce quiz a été pris 15 147 fois
  • Le résultat moyen est 6 sur 6

Réponses sur la Carte

Les réponses sont colorées sur une échelle allant du rouge au vert en fonction du pourcentage des utilisateurs qui les ont devinées à leur premier essai. Vous pouvez retrouver ces pourcentages ci-dessous.
 

Statistiques - réponses

Pays% Correct
Iran
99%
Syrie
95%
Arabie Saoudite
94%
Jordanie
91%
Turquie
88%
Koweït
85%

Distribution des résultats

Percentile par nombre de réponses

% des personnes avec chaque résultat

Votre développement - résultats

Vous n’avez pas pris ce quiz